000 00472nam a2200145Ia 4500
008 100122s9999 xx 000 0 und d
082 _b36854
_a928
100 _aबेडेकर विश्रांम
245 _aएक झाड दोन पक्षी
260 _bगोपाल मोकाशी
_c1984
300 _a315
630 _aएक झाड दोन पक्षी
730 _aएक झाड दोन पक्षी
942 _cBOOK
999 _c419455
_d419452